000 01129nam a2200241Ia 4500
999 _c53527
_d53527
001 20573
003 GE_BSU
005 20210223000038.0
008 181216s2016||||ge |||||||||||||| ||geo||
020 _a9789941086182
040 _cGE_BSU
041 _ageo
080 _a616.314.17-008.1 გ-59
100 _aგოგილაშვილი, ქეთევან
_93387
245 _aბაზისური და კლინიკური პაროდონტოლოგია ნაწ. 1 :
_bსახელმძღვანელო /
_cქეთევან გოგილაშვილი, თეა ნაცვლიშვილი.
264 _aთბილისი :
_bწიგნი დაბეჭდილია სტამბაში IMAK,
_c2016.
300 _a220 გვ. :
_bილ. ;
_c24 სმ.
541 _h69 ლ.
653 _aბაზისური და კლინიკური პაროდონტოლოგია
653 _aმედიცინა
700 _aნაცვლიშვილი, თეა
_eავტორი
_910193
942 _cBK
_2udc